La linguistique textuelle : Introduction à l’analyse textuelle des discours (notice n° 1567140)
[ vue normale ]
| 000 -LEADER | |
|---|---|
| fixed length control field | 00886cam a2200133 4500500 |
| 005 - DATE AND TIME OF LATEST TRANSACTION | |
| control field | 20251214002554.0 |
| 041 ## - LANGUAGE CODE | |
| Language code of text/sound track or separate title | fre |
| 042 ## - AUTHENTICATION CODE | |
| Authentication code | dc |
| 100 10 - MAIN ENTRY--PERSONAL NAME | |
| Personal name | Adam, Jean-Michel |
| Relator term | author |
| 245 00 - TITLE STATEMENT | |
| Title | La linguistique textuelle : Introduction à l’analyse textuelle des discours |
| 260 ## - PUBLICATION, DISTRIBUTION, ETC. | |
| Name of publisher, distributor, etc. | Armand Colin,<br/> |
| Date of publication, distribution, etc. | 2020.<br/> |
| 520 ## - SUMMARY, ETC. | |
| Summary, etc. | Présentant méthodiquement les différents niveaux de structuration et d’analyse des textes, cet ouvrage souhaite mettre en place, sous le nom d’analyse textuelle des discours, une autre distribution entre sciences du langage et stylistique littéraire (étude de texte de La Bruyère à Borges) et entre sciences du langage et sciences de l’information et de la communication (textes publicitaires, journalistiques et politiques). |
| 856 41 - ELECTRONIC LOCATION AND ACCESS | |
| Uniform Resource Identifier | <a href="https://shs.cairn.info/la-linguistique-textuelle--9782200626501?lang=fr&redirect-ssocas=7080">https://shs.cairn.info/la-linguistique-textuelle--9782200626501?lang=fr&redirect-ssocas=7080</a> |
Pas d'exemplaire disponible.




Réseaux sociaux